| 000 | 01266cad a22002055a 4500 | ||
|---|---|---|---|
| 001 | L157166 | ||
| 008 | 120913e2012 xxk 000 0 eng d | ||
| 035 | _a(Sirsi) u157166 | ||
| 041 | 0 | _aeng | |
| 110 | 2 |
_aBritish Property Federation _91604 |
|
| 245 | 0 | 0 | _aBritain's increasing shop vacancy rate being driven by too many shops and the growing north-south divide |
| 260 | _c2012 | ||
| 490 | 0 |
_aBritish Property Federation Press Release _v4 September 2012 |
|
| 520 | _aSummarises the results of the latest Local Data Company shop vacancy report "Too many shops". Although it is not possible to predict whether there is a structural oversupply of retail space in the UK, there are a number of telling factors which point in this direction. It is clear that for the high street and especially secondary shopping centres the current high vacancy levels are here to stay with the prospect of alternative uses being made of the vacant space. | ||
| 590 | _aKA | ||
| 651 | 4 | _aUnited Kingdom | |
| 690 |
_aCommercial property _96227 |
||
| 856 | 4 | 0 |
_uhttps://www.bpf.org.uk/en/newsroom/press_release/3012_-_Britains_increasing_shop_vacancy_rate_being_driven_by_too_many_shops_and_the_growing_North-South_divide..php _zView the press release at www.bpf.org.uk |
| 942 | _n0 | ||
| 999 |
_c84272 _d84272 |
||